2024-25 NBA Starters - Statistics

General Stats
  • This quiz has been taken 247 times
    154 since last reset
  • The average score is 108 of 150
Answer Stats
Team Player % Correct
OKC Shai Gilgeous-Alexander
98%
Nikola Jokic
95%
Devin Booker
94%
Jalen Williams
94%
Anthony Davis
93%
NOP Dejounte Murray
93%
DEN Jamal Murray
93%
Keegan Murray
93%
Kevin Durant
93%
LeBron James
93%
Mark Williams
93%
Patrick Williams
93%
Chet Holmgren
92%
Jalen Green
92%
Aaron Gordon
91%
Draymond Green
91%
Jalen Duren
91%
DAL Luka Doncic
91%
GSW Stephen Curry
91%
Trayce Jackson-Davis
91%
Anthony Edwards
90%
Bradley Beal
90%
Josh Green
90%
Jayson Tatum
89%
Lauri Markkanen
89%
BOS Jrue Holiday
88%
Derrick White
87%
Jaren Jackson Jr.
87%
Jaylen Brown
87%
IND Tyrese Halliburton
87%
Coby White
86%
Giannis Antetokounmpo
86%
Josh Hart
86%
Michael Porter Jr.
86%
Victor Wembanyama
86%
Zion Williamson
86%
Austin Reaves
85%
SAC De’Aaron Fox
85%
MEM Ja Morant
85%
Karl-Anthony Towns
85%
Kyrie Irving
85%
SAS Chris Paul
84%
MIL Damian Lillard
84%
Ivica Zubac
84%
UTH Keyonte George
84%
NYK Jalen Brunson
83%
LAC James Harden
83%
Joel Embiid
83%
Klay Thompson
83%
Paul George
83%
PHI Tyrese Maxey
83%
Domantas Sabonis
82%
HOU Fred VanVleet
82%
Donovan Mitchell
81%
Paolo Banchero
81%
Alperen Sengun
80%
Ausar Thompson
80%
Julius Randle
80%
CHA LaMelo Ball
80%
ATL Trae Young
80%
Al Horford
79%
Brandon Ingram
79%
Brook Lopez
79%
Jarrett Allen
79%
Jimmy Butler
79%
Jusuf Nurkic
79%
Khris Middleton
79%
Luguentz Dort
79%
Pascal Siakam
79%
Rudy Gobert
79%
LAL D’Angelo Russell
78%
Myles Turner
78%
Bam Adebayo
77%
CLE Darius Garland
77%
Derrick Jones Jr.
77%
MIN Mike Conley
77%
Tyler Herro
77%
PHX Tyus Jones
77%
Franz Wagner
76%
DET Cade Cunningham
75%
DeMar DeRozan
75%
Mikal Bridges
75%
Miles Bridges
75%
Scottie Barnes
75%
Evan Mobley
74%
Harrison Barnes
74%
Isaiah Hartenstein
74%
Kawhi Leonard
74%
Rui Hachimura
74%
Dillon Brooks
73%
Jalen Johnson
71%
Jordan Poole
71%
Zach LaVine
71%
Cameron Johnson
70%
Desmond Bane
70%
Ben Simmons
69%
Christian Braun
69%
DeAndre Ayton
69%
Andrew Wiggins
68%
Anfernee Simons
68%
CJ McCollum
68%
Jaden McDaniels
68%
Kyle Kuzma
68%
Cam Thomas
67%
Walker Kessler
67%
OG Anunoby
66%
Jabari Smith Jr.
65%
ORL Jalen Suggs
65%
Clint Capela
64%
Kentavious Caldwell-Pope
64%
Daniel Gafford
63%
Collin Sexton
62%
Nikola Vucevic
62%
POR Scoot Henderson
61%
Tobias Harris
60%
Zach Edey
60%
Nic Claxton
59%
PJ Washington
58%
Jonathan Kuminga
57%
Jeremy Sochan
56%
CHI Josh Giddey
56%
Jerami Grant
55%
RJ Barrett
55%
Andrew Nembhard
54%
Devin Vassell
54%
Jakob Poeltl
54%
Kelly Oubre Jr.
52%
Max Strus
52%
Wendell Carter Jr.
52%
Alex Sarr
49%
Kevin Huerter
49%
Jaden Ivey
48%
TOR Immanuel Quickley
47%
BKN Dennis Schroder
46%
MIA Terry Rozier
46%
Brandon Miller
44%
Dyson Daniels
43%
Marcus Smart
43%
Aaron Nesmith
42%
De’Andre Hunter
42%
Terance Mann
42%
Gradey Dick
41%
Gary Trent Jr.
39%
Caleb Martin
34%
Deni Avdija
33%
Nikola Jovic
32%
Bilal Coulibaly
27%
Daniel Theis
24%
WAS Bub Carrington
19%
Taylor Hendricks
15%
No matching quizzes found
Score Distribution
Percent of People with Each Score
Percentile by Number Answered
Your Score History
You have not taken this quiz since the last reset